| 000 | 00427pab a2200169 454500 | ||
|---|---|---|---|
| 008 | 180718b2009 xxu||||| |||| 00| 0 eng d | ||
| 100 | _aAcharya, Alka | ||
| 245 | _aWhither India-China relations? | ||
| 260 | _c2009 | ||
| 300 | _ap.8-12. | ||
| 362 | _a7 Nov | ||
| 650 | _aIndia - Foreign relations - China | ||
| 650 | _aInternational relations | ||
| 773 | _aEconomic and Political Weekly | ||
| 908 | _aN | ||
| 909 | _a84351 | ||
| 999 |
_c84351 _d84351 |
||